Alimentación en la Antigua Grecia - Estadísticas

Estadísticas generales
  • Esta prueba ha sido intentada 26 veces
  • La puntuación promedio es 5 de 15
Estadísticas de respuestas
Hint Respuesta % Correcto
οἶνος vino
80%
ὠόν huevo
65%
ἅλς / ἅλας sal
55%
ἀλεκτωρίς pollo
50%
ὄρυζα / ὄρυζον arroz
40%
ἰχθύς pez
40%
καρπός fruto
35%
σαρδίνη sardina
35%
ῥοιά granada
25%
ἐρέβινθος garbanzo
15%
μαγίς / μαγίδας espaguetis
10%
κινάρα / κυνάρα alcachofa
5%
μᾶζα pan de cebada
5%
ἄρτος pan de trigo
5%
ἰσχάς higo seco
0%
No se encontraron pruebas coincidentes
Distribución de puntuación
Porcentaje de gente con cada puntuación
Porcentaje por número respondido
Historial de tus puntuaciones
No has intentado esta prueba.